| 000 | 01240cam a2200313 a 4500 | ||
|---|---|---|---|
| 999 |
_c234215 _d234215 |
||
| 001 | 13283875 | ||
| 003 | Nust | ||
| 005 | 20170316105731.0 | ||
| 008 | 030722s2004 nyu 000 1 eng | ||
| 010 | _a 2003058854 | ||
| 020 | _a9780755300259 | ||
| 040 |
_aDLC _cDLC _dDLC |
||
| 043 | _an-us-ca | ||
| 050 | 0 | 0 |
_aPS3566.A822 _bA614 2004 |
| 082 | 0 | 0 |
_a813.54 _bPAT |
| 100 | 1 |
_aPatterson, James, _d1947- |
|
| 245 | 1 | 0 |
_a3rd degree : _ba novel / _cby James Patterson and Andrew Gross. |
| 246 | 3 | _aThird degree | |
| 260 |
_aNew York : _bLittle, Brown and Co., _c2004. |
||
| 300 |
_a376 p. ; _c25 cm. |
||
| 650 | 0 |
_aWomen detectives _zCalifornia _zSan Francisco _vFiction. |
|
| 650 | 0 |
_aWomen in the professions _vFiction. |
|
| 650 | 0 |
_aFemale friendship _vFiction. |
|
| 650 | 0 |
_aTerrorism _vFiction. |
|
| 651 | 0 |
_aSan Francisco (Calif.) _vFiction. |
|
| 655 | 7 |
_aMystery fiction. _2gsafd |
|
| 700 | 1 |
_aGross, Andrew, _d1952- |
|
| 906 |
_a7 _bcbc _corignew _d1 _eocip _f20 _gy-gencatlg |
||
| 942 |
_2ddc _cBK |
||